[Event "OS INCLIVEIS"]
[Site "http://www.queenalice.com/game.php?id=1301404"]
[Date "2014.8.14"]
[Round "-"]
[White "adelio"]
[Black "HelderNanques"]
[Result "0-1"]
[WhiteElo "1655"]
[BlackElo "2121"]

1. a3 g6 2. d4 Bg7 3. c4 Nf6 4. Nc3 d6 5. e4 c6 6. b4 O-O 7. Be2 Nbd7 8. h4 h5
9. Nf3 e5 10. Bg5 Qc7 11. dxe5 dxe5 12. c5 Rd8 13. Qb3 Nf8 14. Bxf6 Bxf6 15. Ng5
Ne6 16. Bc4 Nxg5 17. hxg5 Bxg5 18. Bxf7+ Qxf7 19. Qxf7+ Kxf7 20. O-O Be6 21. Kh2
Rd3 22. Ne2 Rad8 23. f4 exf4 24. Nxf4 Bxf4+ 25. Rxf4+ Kg7 26. Raf1 Rxa3 27. e5
Re3 28. g4 Rd2+ 29. R4f2 Rxf2+ 30. Rxf2 Bxg4 31. e6 Re2 32. Kg3 Rxf2 33. Kxf2
Bxe6 34. Kg3 g5 35. Kf3 Kf6 36. Kg3 Ke5 37. Kf3 h4 38. Ke3 g4 39. Kf2 h3 40. Kg3
Kd4 41. Kh2 Ke3 42. Kg3 Ke2 43. Kh2 Kf2 44. Kh1 g3 45. b5 Bd5# 0-1

[Event "AUTO-MASTER-1791"]
[Site "http://www.queenalice.com/game.php?id=1305447"]
[Date "2014.8.31"]
[Round "3"]
[White "HelderNanques"]
[Black "krystek23"]
[Result "0-1"]
[WhiteElo "1998"]
[BlackElo "2208"]

1. b3 e5 2. Bb2 d6 3. e3 Nf6 4. Nf3 c6 5. d4 e4 6. Nfd2 d5 7. c4 Be7 8. Nc3 Be6
9. h3 O-O 10. Qc2 Ne8 11. g4 f5 12. Be2 Kh8 13. O-O-O f4 14. cxd5 cxd5 15. Kb1
a6 16. Rh2 Nc6 17. Rc1 Bd6 18. Rhh1 f3 19. Bf1 Qh4 20. Qd1 Qxf2 21. Ndxe4 dxe4
22. Nxe4 Qxe3 23. Nxd6 Nxd6 24. Rc3 Qf4 25. Rc5 Ne4 26. Rc2 Nf2 27. Rxf2 Rad8
28. Rd2 Bd5 29. Rf2 Be4+ 30. Ka1 Nxd4 31. Bxd4 Rxd4 32. Qe1 Qe5 33. Qc3 Rd1+ 34.
Kb2 Rb1+ 0-1

[Event "AUTO-MASTER-1791"]
[Site "http://www.queenalice.com/game.php?id=1305448"]
[Date "2014.8.31"]
[Round "3"]
[White "krystek23"]
[Black "HelderNanques"]
[Result "1-0"]
[WhiteElo "2215"]
[BlackElo "2040"]

1. c4 Nf6 2. Nc3 c6 3. g3 g6 4. Bg2 Bg7 5. e3 O-O 6. Nf3 d5 7. cxd5 Nxd5 8. d4
Bg4 9. O-O Nd7 10. h3 Bxf3 11. Bxf3 N7b6 12. Qb3 e6 13. Ne2 Qd7 14. Bd2 Rfc8 15.
a4 Ne7 16. Bb4 Nbd5 17. Ba3 Bf8 18. e4 Nf6 19. a5 a6 20. Rfd1 h5 21. Nc3 Kg7 22.
Na4 g5 23. Nb6 Qc7 24. Nxa8 Rxa8 25. e5 Nfd5 26. Bxh5 Ng6 27. Qf3 Bxa3 28. Rxa3
Rf8 29. Qg4 Kh6 30. Bxg6 fxg6 31. Qxe6 1-0

[Event "AUTO-MASTER-2092"]
[Site "http://www.queenalice.com/game.php?id=1331203"]
[Date "2014.12.28"]
[Round "2"]
[White "HelderNanques"]
[Black "TheWatcher"]
[Result "0-1"]
[WhiteElo "2031"]
[BlackElo "2173"]

1. b3 e5 2. Bb2 Nc6 3. e3 Nf6 4. Bb5 d6 5. Ne2 Be7 6. d4 exd4 7. Qxd4 O-O 8.
Bxc6 bxc6 9. Nbc3 c5 10. Qf4 d5 11. Rd1 Re8 12. O-O Bb7 13. Ng3 Bd6 14. Qh4 Qd7
15. Nce2 Be5 16. Bc1 Qe6 17. Nf4 Qc6 18. f3 Rad8 19. Ngh5 Rd6 20. Qf2 Qa6 21. a4
d4 22. Nxf6+ Rxf6 23. Nd3 Bd6 24. exd4 cxd4 25. Rfe1 Re4 26. Rxe4 Bxe4 27. Qxd4
Ba8 28. Re1 Qc8 0-1

[Event "AUTO-MASTER-2092"]
[Site "http://www.queenalice.com/game.php?id=1331205"]
[Date "2014.12.28"]
[Round "2"]
[White "HelderNanques"]
[Black "PRODIGY1971"]
[Result "0-1"]
[WhiteElo "2122"]
[BlackElo "2165"]

1. b3 e5 2. Bb2 Nc6 3. e3 Nf6 4. Bb5 Bd6 5. Na3 Be7 6. Nc4 e4 7. Bxc6 bxc6 8. d3
d5 9. Nd2 Bf5 10. h3 exd3 11. c4 dxc4 12. Nxc4 Bb4+ 0-1

[Event "AUTO-MASTER-2092"]
[Site "http://www.queenalice.com/game.php?id=1331206"]
[Date "2014.12.28"]
[Round "2"]
[White "PRODIGY1971"]
[Black "HelderNanques"]
[Result "1-0"]
[WhiteElo "2176"]
[BlackElo "2111"]

1. d4 Nf6 2. Nf3 d6 3. Nc3 Bg4 4. e4 e5 5. dxe5 Bxf3 6. gxf3 dxe5 7. Qxd8+ Kxd8
8. Rg1 Nfd7 9. f4 c6 10. Be3 Bb4 11. Rxg7 Bxc3+ 12. bxc3 1-0

[Event "II Open de Gaia"]
[Site "http://www.queenalice.com/game.php?id=1335665"]
[Date "2015.1.19"]
[Round "5"]
[White "juli1"]
[Black "HelderNanques"]
[Result "1-0"]
[WhiteElo "2623"]
[BlackElo "2042"]

1. d4 Nf6 2. Bf4 d5 3. e3 c5 4. c3 Nc6 5. Nd2 Bg4 6. Ngf3 Nh5 7. dxc5 e5 8. Bg5
f6 9. h3 Bxf3 10. Qxf3 fxg5 11. Qxh5+ g6 12. Qg4 Bxc5 13. O-O-O Qf6 14. Nb3 Bb6
15. Rxd5 O-O 16. Bc4 Kg7 17. Rd7+ Kh8 18. h4 gxh4 19. Rxh4 Ne7 20. Nd2 1-0

[Event "AUTO-OPEN-3258"]
[Site "http://www.queenalice.com/game.php?id=1340124"]
[Date "2015.2.8"]
[Round "2"]
[White "Capixaba789"]
[Black "HelderNanques"]
[Result "1-0"]
[WhiteElo "1995"]
[BlackElo "2061"]

1. e4 e6 2. d4 d5 3. exd5 exd5 4. Nf3 Bf5 5. Nc3 Bb4 6. Bd2 Ne7 7. Be2 O-O 8.
O-O c6 9. Re1 Nd7 10. a3 Bd6 11. Bg5 f6 12. Bd2 Re8 13. Qc1 Qc7 14. b4 Nf8 15.
Nd1 Bg6 16. Ne3 1-0

[Event "AUTO-OPEN-3258"]
[Site "http://www.queenalice.com/game.php?id=1340125"]
[Date "2015.2.8"]
[Round "2"]
[White "HelderNanques"]
[Black "Capixaba789"]
[Result "0-1"]
[WhiteElo "2081"]
[BlackElo "1975"]

1. b3 e5 2. Bb2 d6 3. d4 exd4 4. Qxd4 Nf6 5. e3 Nc6 6. Qf4 Be7 7. Nc3 a6 8. Be2
Be6 9. h3 d5 10. Nd1 Bd6 11. Qg5 Qe7 12. Bxf6 gxf6 13. Qh4 O-O-O 14. Qa4 Nb4 15.
Kf1 Qd7 0-1

[Event "AUTO-OPEN-3258"]
[Site "http://www.queenalice.com/game.php?id=1340132"]
[Date "2015.2.8"]
[Round "2"]
[White "HelderNanques"]
[Black "jacconsultoria"]
[Result "0-1"]
[WhiteElo "2101"]
[BlackElo "2234"]

1. b3 c5 2. f4 Nc6 3. Bb2 Nf6 4. Nf3 g6 5. e3 Bg7 6. Nc3 O-O 7. Bb5 a6 8. Bxc6
bxc6 9. O-O d5 10. Ne5 Qc7 11. d3 d4 12. Na4 dxe3 13. Qe2 Nd5 14. Nxc5 Nxf4 15.
Qxe3 Nd5 16. Qg3 Bf5 17. Rf3 Rfd8 0-1

[Event "AUTO-OPEN-3258"]
[Site "http://www.queenalice.com/game.php?id=1340133"]
[Date "2015.2.8"]
[Round "2"]
[White "jacconsultoria"]
[Black "HelderNanques"]
[Result "1-0"]
[WhiteElo "2242"]
[BlackElo "2091"]

1. c4 g6 2. Nc3 Bg7 3. g3 d6 4. Bg2 c6 5. d4 Nf6 6. Nf3 O-O 7. O-O Qa5 8. Bd2
Qh5 9. b4 h6 10. a4 Bh3 11. e4 Bxg2 12. Kxg2 g5 13. Ng1 e5 14. d5 cxd5 15. Qxh5
Nxh5 16. Nxd5 Nd7 17. Ne2 Nhf6 18. Ne7+ 1-0